| 000 | 00353nam a2200145Ia 4500 | ||
|---|---|---|---|
| 100 | _aSarna/I.J.S | ||
| 650 | _aMathematics | ||
| 942 | _cBK | ||
| 366 | _f20 | ||
| 654 | _aproblems | ||
| 245 | _aProblems and solutions of Mathematics for Engineers with essential theory | ||
| 260 |
_bCBS _c2011 |
||
| 082 |
_a511 _bSAR |
||
| 546 |
_aENGLISH _cElectronics |
||
| 999 |
_c29457 _d29457 |
||